000 00876nam a2200253 a 4500
001 BRCA_854
005 20190320203158.0
008 880928s1987 mx-a---##b---#001-0#spa-#
020 _a9681623835
040 _aDLC
_cDLC
_dDLC
050 4 _aNK7114
_b.V35 1987
100 1 _aValdés Lakowsky, Vera
_91032
245 1 0 _aDe las minas al mar
_bhistoria de la plata mexicana en Asia, 1565-1834
_cVera Valdés Lakowsky.
260 _aMéxico
_bFCE
_c1987
300 _a368 p.
_bil., [4] láminas, mapas
_c23 cm.
440 0 _aSección de obras de historia
_92850
500 _aIncluye índice de cuadros, gráficas y mapas
504 _aBibliografía: p. 315-351
650 1 4 _aMonedas de plata
_xHistoria
_zMéxico
_92851
650 1 4 _aMonedas de plata
_xHistoria
_zAsia
_92852
651 4 _aMéxico
_xComercio
_zAsia
_92731
651 4 _aAsia
_xComercio
_zMéxico
_92732
942 _2lcc
_cB
999 _c749
_d749